Score 0/22 Timer 03:00
3 Plays Today
Movie Missing Word % Correct
______ White and the Seven Dwarfs Snow
98.3%
______ with the Wind Gone
96.4%
Bonnie and ______ Clyde
96%
Some Like it ______ Hot
93.1%
Apocalypse ______ Now
91.8%
______ Wars Star
90.8%
Butch Cassidy and the ______ Kid Sundance
90.7%
Taxi ______ Driver
90%
______ by Northwest North
88.7%
The ______ of Wrath Grapes
87.5%
______ Bull Raging
76.1%
Movie Missing Word % Correct
The ______ Falcon Maltese
72.3%
______ Hall Annie
71.7%
______ Window Rear
69.6%
King ______ Kong
66.5%
All About ______ Eve
65%
The Best ______ of Our LivesYears
62.7%
Dr. Strangelove or: How I Learned to Stop Worrying and ______ the BombLove
58.9%
The Birth of a ______ Nation
56%
______ Indemnity Double
55.5%
______ Cowboy Midnight
47.7%
The ______ Story Philadelphia
23.1%

Today's Daily Dose

Remove Ads.
Support Sporcle.
Get the best of Sporcle when you Go Orange. This ad-free experience offers more features, more stats, and more fun while also helping to support Sporcle. Thank you for becoming a member.

You're not logged in!

Compare scores with friends on all Sporcle quizzes.
OR
Log In

Show Comments

Extras

Top Quizzes Today


Score Distribution

Your Account Isn't Verified!

In order to create a playlist on Sporcle, you need to verify the email address you used during registration. Go to your Sporcle Settings to finish the process.

Report this User

Report this user for behavior that violates our Community Guidelines.

Details: